000 00709nam a2200181Ia 4500
008 090124s9999 xx 000 0 und d
082 _b18816
_a1288
100 _aकाळे व.पु. (वसंत पुरुषोत्तम)
245 _a सांगे वडिलांची कीर्ती
250 _a1
260 _c1973
300 _a95
600 _aकाळे व.पु. (वसंत पुरुषोत्तम)
630 _a सांगे वडिलांची कीर्ती
700 _aकाळे व.पु. (वसंत पुरुषोत्तम)
730 _a सांगे वडिलांची कीर्ती
942 _cBOOK
999 _c132757
_d132757